[Event "2017 South African Open Ch"]
[Site "Durban"]
[Date "2017.07.20"]
[Round "9"]
[White "Pesa, Mofoka A"]
[Black "Choko, Siyabonga V"]
[Result "1/2-1/2"]
[WhiteElo "1799"]
[BlackElo "1968"]
[Annotator "NA"]
[PlyCount "85"]
[EventDate "2017.??.??"]
[EventCountry "RSA"]
[SourceTitle "playchess.com"]
[Source "ChessBase"]
[SourceQuality "1"]
[TimeControl "5400+30"]

1. e4 {[%emt 0:00:00]} e5 {[%emt 0:08:53]} 2. Nf3 {[%emt 0:00:07]} Nc6 {[%emt 0:00:18]} 3. Bb5 {[%emt 0:00:19]} Bc5 {[%emt 0:00:09]} 4. O-O {[%emt 0:01:13]} Qf6 {[%emt 0:01:33]} 5. c3 {[%emt 0:01:02]} Nge7 {[%emt 0:00:09]} 6. d3 {[%emt 0:00:38]} h6 {[%emt 0:00:13]} 7. Re1 {[%emt 0:00:27] C64: Ruy Lopez: Classical Defence (3...Bc5) except 4 0-0 Nf6} (7. b4 Bb6 8. Nbd2 a6 9. Bxc6 Nxc6 10. a4 O-O 11. Nc4 Ba7 12. Be3 b5 13. axb5 axb5 14. Ncxe5 Nxe5 15. Nxe5 Qxe5 16. Rxa7 Rxa7 {1-0 (120) Grigoriants,S (2560)-Ehlvest,J (2600) Moscow 2010}) 7... O-O {[%emt 0:00:10]} 8. d4 {[%emt 0:01:17]} Bb6 $146 {[%emt 0:01:31]} ({Predecessor:} 8... exd4 9. e5 Qe6 10. cxd4 Nxd4 11. Nxd4 Qb6 12. Be3 Bxd4 13. Bxd4 Qxb5 14. Nc3 Qa5 {½-½ (34) Carvalho,H (2244)-Nogueira,I (2311) Sao Paulo 2014}) 9. d5 {[%emt 0:02:53]} Nb8 {[%emt 0:01:01]} 10. Ba4 {[%emt 0:00:49]} d6 {[%emt 0:00:10]} 11. h3 {[%emt 0:00:10]} Ng6 {[%emt 0:00:35]} 12. Be3 {[%emt 0:00:50]} Nf4 {[%emt 0:00:34]} 13. Bxf4 {[%emt 0:01:41]} Qxf4 {[%emt 0:00:17]} 14. Qd2 {[%emt 0:00:30]} Qf6 {[%emt 0:00:42]} 15. Qe2 {[%emt 0:00:55]} g5 {[%emt 0:06:46]} 16. Nh2 {[%emt 0:00:40]} h5 {[%emt 0:00:59]} 17. Nd2 {[%emt 0:00:19]} a6 {[%emt 0:01:19]} 18. Nc4 {[%emt 0:00:40]} Ba7 {[%emt 0:02:22]} 19. Ne3 {[%emt 0:00:29]} Qg6 {[%emt 0:01:07]} 20. Bc2 {[%emt 0:00:07]} Bxe3 {[%emt 0:01:51]} 21. fxe3 {[%emt 0:01:03]} Nd7 {[%emt 0:00:55]} 22. Rf1 {[%emt 0:00:17]} Nf6 {[%emt 0:02:16]} 23. Rf2 {[%emt 0:04:30]} g4 {[%emt 0:20:37]} 24. Raf1 {[%emt 0:01:22]} Ne8 {[%emt 0:00:07]} 25. hxg4 {[%emt 0:02:07]} hxg4 {[%emt 0:00:06]} 26. g3 {[%emt 0:01:08]} f6 {[%emt 0:09:39]} 27. Bd1 {[%emt 0:02:38]} Rf7 {[%emt 0:02:13]} 28. Rg2 {[%emt 0:12:35]} Rg7 {[%emt 0:00:52]} 29. Rff2 {[%emt 0:00:24]} Bd7 {[%emt 0:01:26]} ({Don't blunder} 29... Qxe4 $2 30. Bc2 $18) 30. Nf1 {[%emt 0:01:03]} Kf7 {[%emt 0:05:49]} ({Avoid the trap} 30... Qxe4 $2 31. Bc2 $18) 31. Rh2 {[%emt 0:01:13]} Rh7 {[%emt 0:02:20]} ({Don't go for} 31... Qxe4 $2 32. Bc2 $18) 32. Rxh7+ {[%emt 0:01:39]} Qxh7 {[%emt 0:00:01]} 33. Rh2 {[%emt 0:00:13]} Qg6 {[%emt 0:02:25]} 34. Rh8 {[%emt 0:02:27]} Rc8 {[%emt 0:00:41]} 35. Qh2 {[%emt 0:00:27]} Ng7 {[%emt 0:00:59]} 36. Rxc8 {[%emt 0:11:52]} (36. Rh6 $5 {[%cal Rh6g6]} Qg5 37. Qh4 $14) 36... Bxc8 {[%emt 0:00:01]} 37. Qh8 {[%emt 0:00:23]} Ne8 {[%emt 0:00:13]} 38. Bc2 {[%emt 0:00:48]} Bd7 {[%emt 0:00:40]} 39. c4 {[%emt 0:00:56]} Qg7 {[%emt 0:02:11]} 40. Qh5+ {[%emt 0:03:14]} Qg6 {[%emt 0:02:20]} 41. Qh8 $11 {[%emt 0:01:12]} Qg7 {[%emt 0:05:34]} 42. Qh5+ {[%emt 0:02:09]} Qg6 {[%emt 0:00:11]} 43. Qh8 {[%emt 0:01:07]} 1/2-1/2

[Event "2017 South African Open Ch"]
[Site "Durban"]
[Date "2017.07.21"]
[Round "10"]
[White "Kobese, Watu"]
[Black "Bhawoodien, Mohamed Ozayr"]
[Result "1-0"]
[WhiteElo "2367"]
[BlackElo "2103"]
[Annotator "ChessBase"]
[PlyCount "71"]
[EventDate "2017.??.??"]
[EventCountry "RSA"]
[SourceTitle "playchess.com"]
[Source "ChessBase"]
[SourceQuality "1"]
[TimeControl "5400+30"]

1. e4 {[%emt 0:00:00]} e5 {[%emt 0:03:14]} 2. Nf3 {[%emt 0:00:00]} Nc6 {[%emt 0:00:46]} 3. Bb5 {[%emt 0:00:00]} a6 {[%emt 0:00:07]} 4. Ba4 {[%emt 0:00:01]} Nf6 {[%emt 0:00:02]} 5. O-O {[%emt 0:00:11]} Be7 {[%emt 0:00:04]} 6. Re1 {[%emt 0:00:09]} b5 {[%emt 0:00:11]} 7. Bb3 {[%emt 0:00:07]} d6 {[%emt 0:00:17]} 8. c3 {[%emt 0:00:10]} O-O {[%emt 0:00:05]} 9. h3 {[%emt 0:00:05]} Nb8 {[%emt 0:00:29]} 10. d4 {[%emt 0:02:26]} Nbd7 {[%emt 0:00:05]} 11. Nh4 {[%emt 0:03:30]} Re8 {[%emt 0:00:07]} 12. Nf5 {[%emt 0:02:33]} Bf8 {[%emt 0:00:08]} 13. f4 {[%emt 0:13:02]} Bb7 {[%emt 0:23:18]} 14. fxe5 {[%emt 0:13:00]} dxe5 {[%emt 0:00:10]} 15. Bg5 {[%emt 0:03:39]} exd4 {[%emt 0:03:37]} 16. cxd4 {[%emt 0:01:41]} Bxe4 {[%emt 0:08:32]} 17. Rxe4 {[%emt 0:01:27]} Rxe4 {[%emt 0:00:28]} 18. Nc3 {[%emt 0:00:22]} Re8 {[%emt 0:02:01]} 19. Qf3 {[%emt 0:06:57]} g6 {[%emt 0:20:43]} 20. Nh6+ {[%emt 0:14:05]} Bxh6 {[%emt 0:00:06]} 21. Bxh6 {[%emt 0:00:08]} c5 {[%emt 0:03:39]} 22. dxc5 {[%emt 0:09:00]} Ne5 {[%emt 0:00:09]} 23. Qg3 {[%emt 0:06:05]} Qd4+ {[%emt 0:02:43]} 24. Kh1 {[%emt 0:01:09]} Nh5 {[%emt 0:06:40]} 25. Qg5 {[%emt 0:00:28]} Nf3 {[%emt 0:01:27]} 26. gxf3 {[%emt 0:03:45]} Qf2 {[%emt 0:00:14]} 27. Qg2 {[%emt 0:00:38]} Re1+ {[%emt 0:02:32]} 28. Rxe1 {[%emt 0:00:19]} Qxe1+ {[%emt 0:00:02]} 29. Kh2 {[%emt 0:00:30]} Rc8 {[%emt 0:06:38]} 30. Ne4 {[%emt 0:01:26]} Rd8 {[%emt 0:04:00]} 31. c6 {[%emt 0:01:50]} Rc8 {[%emt 0:02:19]} 32. Bd5 {[%emt 0:03:05]} Kh8 {[%emt 0:01:18]} 33. Bd2 {[%emt 0:01:42]} Qd1 {[%emt 0:02:40]} 34. Bc3+ {[%emt 0:01:36]} Kg8 {[%emt 0:00:15]} 35. Qd2 {[%emt 0:01:07]} Qxd2+ {[%emt 0:01:30]} 36. Bxd2 {[%emt 0:00:30]} 1-0

[Event "2017 South African Open Ch"]
[Site "Durban"]
[Date "2017.07.21"]
[Round "10"]
[White "Mwali, Chitumbo"]
[Black "Masango, Spencer"]
[Result "1/2-1/2"]
[WhiteElo "2356"]
[BlackElo "2203"]
[Annotator "TA"]
[PlyCount "83"]
[EventDate "2017.??.??"]
[EventCountry "RSA"]
[SourceTitle "playchess.com"]
[Source "ChessBase"]
[SourceQuality "1"]

{[%evp 11,83,-10,5,-2,23,12,36,27,52,54,93,93,93,68,103,82,104,98,88,91,83,83,67,-13,-27,-38,-39,-50,17,28,51,-6,0,-8,266,68,181,169,592,579,29998,-201,27,27,27,27,27,29,29,38,31,35,30,28,31,36,31,31,31,37,37,0,7,0,0,0,18,0,48,48,53,44,41,0]} 1. c4 c5 2. g3 g6 3. Bg2 Nc6 4. Nc3 Bg7 5. e4 d6 6. Nge2 Bg4 7. f3 {A36: Symmetrical English vs ...g6: 4 Bg2 Bg7} Be6 (7... Bd7 8. d3 a6 9. a4 e6 10. Be3 Nd4 11. Bf2 Qb6 12. Rb1 Nxe2 13. Kxe2 Ne7 14. Qd2 Nc6 {0-1 (37) Lee,M (2395)-Golod,V (2592) Philadelphia 2011}) 8. d3 Qd7 9. Nf4 $146 ({Predecessor:} 9. Nd5 h5 10. Nef4 Bxd5 11. cxd5 Nd4 12. Bh3 Qb5 13. O-O h4 14. g4 a5 {0-1 (62) Lichtblau,H-Kincs,I (2225) Zalakaros 1996}) 9... Bd4 10. Nce2 f6 11. Nxd4 Nxd4 12. Be3 Nc6 13. O-O Bf7 14. Bh3 e6 15. d4 cxd4 16. Bxd4 h5 17. c5 (17. Nd5 $14 Qd8 18. Ne3) 17... h4 $1 $11 {[%cal Rh4g3] Hoping for ...hxg3.} 18. Bg4 hxg3 19. hxg3 Nxd4 (19... Rh6 $15 20. cxd6 g5) 20. Qxd4 dxc5 21. Qc4 ({Better is} 21. Qxd7+ $14 Kxd7 22. Rfd1+ Kc6 23. Bxe6 (23. Nxe6 Ne7 $14) 23... Bxe6 24. Nxe6) 21... f5 22. Rad1 $132 {[%mdl 2048] White puts up resistance} Qe7 $2 {[%mdl 8192]} (22... Qc7 $11 {and Black has nothing to worry.} 23. exf5 exf5) 23. exf5 $2 (23. Qb5+ $18 Kf8 24. Rd7) 23... gxf5 {[#]} (23... exf5 $14 24. Qc3 Qf6 25. Qxc5 Ne7) 24. Rfe1 $1 $18 fxg4 $2 (24... Rd8 {is more resistant.}) 25. Nxe6 Rh6 26. Nc7+ $2 (26. Qb5+ {mates} Qd7 27. Qxd7#) 26... Kf8 $11 27. Qf4 Rd8 28. Rxd8+ Qxd8 29. Re8+ $1 Qxe8 $1 30. Nxe8 Kxe8 31. Qb8+ ({But not} 31. fxg4 Bd5 $17) 31... Ke7 32. Qxb7+ Kf8 33. Qc8+ Kg7 34. Qxg4+ Rg6 35. Qf4 Bxa2 36. Kf2 Rb6 37. Qe5+ Kf7 38. g4 Ne7 39. f4 Be6 40. Qh5+ {[%mdl 1024] White is slightly better. White has compensation.} Kg7 41. Qg5+ Kf7 42. Qh5+ {Precision: White = 43%, Black = 42%.} 1/2-1/2

[Event "2017 South African Open Ch"]
[Site "Durban"]
[Date "2017.07.21"]
[Round "10"]
[White "Pon, Matt"]
[Black "Grover, Sahaj"]
[Result "0-1"]
[WhiteElo "2163"]
[BlackElo "2484"]
[Annotator "TA"]
[PlyCount "116"]
[EventDate "2017.??.??"]
[EventCountry "RSA"]
[SourceTitle "playchess.com"]
[Source "ChessBase"]
[SourceQuality "1"]

{[%evp 11,116,9,10,1,6,6,11,-17,-4,-4,-4,-6,3,-9,8,-4,-4,-14,-13,-16,-1,-7,0,0,14,10,36,6,14,0,-9,-20,0,0,-12,-18,-16,-19,0,0,0,0,5,5,14,-14,-12,-24,0,-92,-100,-95,-87,-94,-87,-88,-84,-100,-89,-94,0,-122,-31,-18,-28,-37,0,0,0,0,0,-8,0,0,0,-93,-77,-127,-120,-279,-274,-231,-247,-228,-93,-93,-93,-247,-225,-499,-495,-559,-542,-497,-469,-789,-799,-598,-539,-4776,-2708,-4602,-4678,-4829,-4631,-4622,-2345]} 1. e4 e6 2. d3 d5 3. Nd2 Nf6 4. Ngf3 b6 5. c3 Bb7 6. e5 Nfd7 7. d4 {C00: French: Unusual White 2nd moves} c5 8. Bd3 Be7 9. h4 {The position is equal.} Ba6 10. Bxa6 Nxa6 11. Qe2 $146 ({Predecessor:} 11. a3 b5 12. Kf1 Nc7 13. dxc5 Nxc5 14. Nb3 Nxb3 15. Qxb3 a5 {½-½ (25) Trent,L (2469)-Santos Latasa,J (2449) Jaen 2014}) 11... Qc8 12. a3 Nc7 {[%cal Ba6c7,Bc7b5,Bb5d6,Bd6e4][%mdl 32]} 13. g3 a5 14. Kf1 Qa6 15. Qxa6 Rxa6 16. Kg2 O-O 17. Nf1 Nb5 18. Bg5 f6 19. exf6 gxf6 20. Bh6 Rc8 21. Ne3 Nd6 22. Rhe1 Kf7 23. Bf4 b5 24. Re2 Bf8 {[%cal Be7f8,Bf8g7,Bg7f6][%mdl 32]} 25. g4 Ne4 26. g5 Bg7 27. gxf6 Bxf6 28. Ng4 cxd4 29. cxd4 Rac6 30. Nfe5+ (30. Rae1 $11) 30... Bxe5 $17 31. Nxe5+ Nxe5 32. Bxe5 Rc2 33. Rae1 b4 34. axb4 axb4 35. f3 Nf6 (35... Rg8+ $1 $17 36. Kf1 Ng3+ 37. Bxg3 Rxe2 38. Kxe2 Rxg3) 36. Bd6 (36. Kg3 $11 {keeps the balance.}) 36... b3 ({Black should try} 36... R8c4 $1 $17 37. Kg3 Rxe2 38. Rxe2 Rxd4) 37. Bc5 $15 Rxe2+ 38. Rxe2 $11 {[%mdl 4096] Endgame KRB-KRN} Nd7 39. Re3 Nxc5 40. dxc5 Rxc5 41. Rxb3 {KR-KR} Kf6 42. Rb7 h5 43. f4 (43. b4 $11 Rc1 44. b5) 43... Rc1 44. Kf3 Rh1 45. b4 $2 (45. Kg3 $17) 45... Rh3+ $19 ({Don't take} 45... Rxh4 46. Rh7 $17) 46. Kf2 Rxh4 47. Kg3 {[#]} Rg4+ (47... Rh1 $1 $19 {is more deadly. aiming for ...Rg1+.} 48. b5 Rg1+ 49. Kh3 Rf1) 48. Kf3 $17 Rg1 {...Rb1 is the strong threat.} 49. b5 $2 (49. Rh7 $17 {is the only way for White.}) 49... Rb1 $19 50. Rh7 $2 (50. Ke3) 50... Rb3+ {Black is clearly winning.} 51. Kf2 {[#]} Kf5 $1 52. Rf7+ Ke4 53. Rf6 (53. f5 $142 exf5 54. Rb7) 53... Rxb5 54. Rxe6+ Kxf4 55. Rh6 Rb2+ 56. Ke1 Rh2 57. Rh8 d4 58. Rh7 h4 {Precision: White = 45%, Black = 52%.} 0-1

[Event "2017 South African Open Ch"]
[Site "Durban"]
[Date "2017.07.21"]
[Round "10"]
[White "Mwale Joseph"]
[Black "Jere, Daniel"]
[Result "0-1"]
[WhiteElo "2159"]
[BlackElo "2380"]
[Annotator "NA"]
[PlyCount "48"]
[EventDate "2017.??.??"]
[EventCountry "RSA"]
[SourceTitle "playchess.com"]
[Source "ChessBase"]
[SourceQuality "1"]
[TimeControl "5400+30"]

1. d4 {[%emt 0:03:43]} Nf6 {[%emt 0:00:53]} 2. c4 {[%emt 0:00:09]} c5 {[%emt 0:00:54]} 3. dxc5 {[%emt 0:02:12]} Na6 {[%emt 0:00:10]} 4. Nc3 {[%emt 0:00:09]} Nxc5 {[%emt 0:00:06]} 5. g3 {[%emt 0:00:14]} g6 {[%emt 0:00:54]} 6. Bg2 {[%emt 0:00:04]} Bg7 {[%emt 0:00:06]} 7. Nf3 {[%emt 0:00:04]} O-O {[%emt 0:00:33]} 8. Be3 {[%emt 0:03:45]} d6 {[%emt 0:09:10]} 9. Bxc5 {[%emt 0:02:19]} dxc5 {[%emt 0:00:09]} 10. Qxd8 {[%emt 0:00:03]} Rxd8 {[%emt 0:00:13]} 11. O-O {[%emt 0:00:10]} Bf5 {[%emt 0:13:26]} 12. b3 {[%emt 0:01:51]} Rac8 {[%emt 0:14:15]} 13. Ne5 {[%emt 0:01:30]} Nd7 {[%emt 0:06:50]} 14. Nxd7 {[%emt 0:03:11]} Bxc3 {[%emt 0:00:38]} 15. Rac1 {[%emt 0:00:02]} Bb2 {[%emt 0:01:07]} 16. Rb1 {[%emt 0:00:36]} Bxb1 {[%emt 0:00:42]} 17. Rxb1 {[%emt 0:00:05]} Rxd7 {[%emt 0:00:36]} 18. Rxb2 {[%emt 0:00:05]} Rd1+ {[%emt 0:00:03]} 19. Bf1 {[%emt 0:00:12]} Rcd8 {[%emt 0:00:31]} 20. b4 {[%emt 0:00:26]} Rc1 {[%emt 0:01:01]} 21. Kg2 {[%emt 0:00:07]} Rdd1 {[%emt 0:00:15]} 22. bxc5 Rxf1 23. Rxb7 {[%emt 0:01:16]} Rg1+ {[%emt 0:00:41]} 24. Kh3 {[%emt 0:00:04]} Rxc4 {[%emt 0:00:27]} 0-1

[Event "2017 South African Open Ch"]
[Site "Durban"]
[Date "2017.07.21"]
[Round "10"]
[White "Mnguni, Jacob Dumisani"]
[Black "Makoto, Rodwell"]
[Result "0-1"]
[WhiteElo "2147"]
[BlackElo "2372"]
[Annotator "NA"]
[PlyCount "56"]
[EventDate "2017.??.??"]
[EventCountry "RSA"]
[SourceTitle "playchess.com"]
[Source "ChessBase"]
[SourceQuality "1"]
[TimeControl "5400+30"]

1. c4 {[%emt 0:00:00]} c5 {[%emt 0:00:19]} 2. Nc3 {[%emt 0:00:37]} Nc6 {[%emt 0:00:54]} 3. g3 {[%emt 0:00:07]} g6 {[%emt 0:00:16]} 4. Bg2 {[%emt 0:00:03]} Bg7 {[%emt 0:00:04]} 5. a3 {[%emt 0:00:04]} e6 {[%emt 0:00:39]} 6. b4 {[%emt 0:00:58]} d6 {[%emt 0:00:29]} 7. Rb1 {[%emt 0:07:18]} Nge7 {[%emt 0:00:21]} 8. Nf3 {[%emt 0:02:33]} O-O {[%emt 0:00:43]} 9. O-O {[%emt 0:00:04]} Rb8 {[%emt 0:09:07]} 10. e3 {[%emt 0:11:47]} e5 {[%emt 0:11:43]} 11. d3 {[%emt 0:03:08]} f5 {[%emt 0:02:46]} 12. Qc2 {[%emt 0:01:58]} Qd7 {[%emt 0:04:16]} 13. Nd5 {[%emt 0:05:25]} h6 {[%emt 0:02:51]} 14. Nh4 {[%emt 0:06:29]} g5 {[%emt 0:07:50]} 15. b5 {[%emt 0:01:15]} gxh4 {[%emt 0:00:07]} 16. bxc6 {[%emt 0:00:48]} Nxc6 {[%emt 0:00:05]} 17. gxh4 {[%emt 0:16:00]} Qd8 {[%emt 0:00:52]} 18. h5 {[%emt 0:01:56]} f4 {[%emt 0:06:54]} 19. exf4 {[%emt 0:15:58]} Nd4 {[%emt 0:00:15]} 20. Qd1 {[%emt 0:00:07]} Qh4 {[%emt 0:00:15]} 21. Be3 {[%emt 0:01:55]} exf4 {[%emt 0:01:51]} 22. Bxd4 {[%emt 0:01:08]} Bxd4 {[%emt 0:00:14]} 23. Qf3 {[%emt 0:02:51]} Bg4 {[%emt 0:05:12]} 24. Ne7+ {[%emt 0:00:55]} Kg7 {[%emt 0:02:10]} 25. Qe4 {[%emt 0:00:35]} Qxh5 {[%emt 0:00:32]} 26. h3 {[%emt 0:00:43]} Bxh3 {[%emt 0:01:53]} 27. Rxb7 {[%emt 0:08:29]} Rxb7 {[%emt 0:00:39]} 28. Qxb7 {[%emt 0:00:02]} Rf7 {[%emt 0:00:39]} 0-1

[Event "2017 South African Open Ch"]
[Site "Durban"]
[Date "2017.07.21"]
[Round "10"]
[White "De Abreu, Roberto N"]
[Black "Gluckman, Paul"]
[Result "1-0"]
[WhiteElo "2145"]
[BlackElo "1981"]
[Annotator "NA"]
[PlyCount "85"]
[EventDate "2017.??.??"]
[EventCountry "RSA"]
[SourceTitle "playchess.com"]
[Source "ChessBase"]
[SourceQuality "1"]
[TimeControl "5400+30"]

1. c4 {[%emt 0:00:00]} Nf6 {[%emt 0:00:26]} 2. Nc3 {[%emt 0:00:00]} g6 {[%emt 0:00:24]} 3. e4 {[%emt 0:00:00]} e5 {[%emt 0:01:49]} 4. g3 {[%emt 0:00:01]} Bg7 {[%emt 0:00:23]} 5. Bg2 {[%emt 0:00:01]} O-O {[%emt 0:00:16]} 6. Nge2 {[%emt 0:00:02]} c5 {[%emt 0:01:25]} 7. d3 {[%emt 0:10:24]} d6 {[%emt 0:02:12]} 8. Bg5 {[%emt 0:00:38]} h6 {[%emt 0:00:43]} 9. Bxf6 {[%emt 0:06:25]} Bxf6 {[%emt 0:01:12]} 10. h4 {[%emt 0:00:02]} Nc6 {[%emt 0:06:37]} 11. Qd2 {[%emt 0:09:48]} Bg7 {[%emt 0:02:46]} 12. h5 {[%emt 0:00:41]} g5 {[%emt 0:00:33]} 13. Nd5 {[%emt 0:10:42]} f5 {[%emt 0:03:07]} 14. exf5 {[%emt 0:01:27]} Bxf5 {[%emt 0:00:18]} 15. Ne3 {[%emt 0:00:02]} Bh7 {[%emt 0:02:20]} 16. g4 {[%emt 0:16:00]} Qf6 {[%emt 0:03:25]} 17. Ng3 {[%emt 0:09:22]} Nb4 {[%emt 0:16:04]} 18. Be4 {[%emt 0:02:26]} Nxd3+ {[%emt 0:08:00]} 19. Qxd3 {[%emt 0:02:30]} Qxf2+ {[%emt 0:01:05]} 20. Kd1 {[%emt 0:00:01]} Bxe4 {[%emt 0:01:38]} 21. Nxe4 {[%emt 0:01:04]} Qxb2 {[%emt 0:00:29]} 22. Rb1 {[%emt 0:03:19]} Qxa2 {[%emt 0:00:08]} 23. Nf5 {[%emt 0:03:44]} Rf7 {[%emt 0:03:59]} 24. Rf1 {[%emt 0:06:54]} Rd8 {[%emt 0:01:04]} 25. Rf2 {[%emt 0:03:49]} Qa4+ {[%emt 0:00:40]} 26. Rc2 {[%emt 0:00:09]} b5 {[%emt 0:06:47]} 27. Rxb5 {[%emt 0:05:15]} Qa1+ {[%emt 0:02:55]} 28. Rc1 {[%emt 0:00:01]} Qa2 {[%emt 0:00:11]} 29. Qc2 {[%emt 0:00:16]} Qa6 {[%emt 0:00:18]} 30. Ke1 {[%emt 0:02:43]} d5 {[%emt 0:00:39]} 31. Rd1 {[%emt 0:01:20]} Bf8 {[%emt 0:01:13]} 32. Nxc5 {[%emt 0:00:50]} Qc6 {[%emt 0:00:57]} 33. Ne4 {[%emt 0:01:06]} d4 {[%emt 0:01:04]} 34. Qd3 {[%emt 0:00:27]} a6 {[%emt 0:00:31]} 35. Rxe5 {[%emt 0:01:16]} Qc7 {[%emt 0:00:36]} 36. Re6 {[%emt 0:01:21]} Qa5+ {[%emt 0:00:41]} 37. Ke2 {[%emt 0:00:38]} Qa2+ {[%emt 0:00:39]} 38. Rd2 {[%emt 0:00:20]} Qa1 {[%emt 0:00:10]} 39. Rg6+ {[%emt 0:01:12]} Kh8 {[%emt 0:00:39]} 40. Nf6 {[%emt 0:00:55]} Rxf6 {[%emt 0:00:27]} 41. Rxf6 {[%emt 0:00:02]} Re8+ {[%emt 0:00:07]} 42. Kf2 {[%emt 0:00:09]} Qh1 {[%emt 0:01:56]} 43. Rxf8+ {[%emt 0:00:09]} 1-0

[Event "2017 South African Open Ch"]
[Site "Durban"]
[Date "2017.07.21"]
[Round "10"]
[White "Skosana, Stephen K"]
[Black "Botao Milton"]
[Result "1/2-1/2"]
[WhiteElo "2027"]
[BlackElo "1963"]
[Annotator "NA RC"]
[PlyCount "133"]
[EventDate "2017.??.??"]
[EventCountry "RSA"]
[SourceTitle "playchess.com"]
[Source "ChessBase"]
[SourceQuality "1"]
[TimeControl "5400+30"]

1. Nf3 {[%emt 0:00:00]} Nf6 {[%emt 0:00:21]} 2. b3 {[%emt 0:00:00]} d5 {[%emt 0:04:17]} 3. Bb2 {[%emt 0:00:00]} Bg4 {[%emt 0:02:17]} 4. e3 {[%emt 0:00:06]} Nbd7 {[%emt 0:01:04]} 5. Be2 {[%emt 0:00:12]} e6 {[%emt 0:00:26]} 6. O-O {[%emt 0:00:37]} Bd6 {[%emt 0:00:13]} 7. d3 {[%emt 0:00:47]} O-O {[%emt 0:00:42]} 8. Nbd2 {[%emt 0:00:07]} e5 {[%emt 0:02:17]} 9. c4 {[%emt 0:06:49] A06: Réti Opening:1 Nf3 d5} c6 {[%emt 0:01:21]} 10. h3 {[%emt 0:00:14]} Bh5 {[%emt 0:02:26]} 11. g4 $146 {[%emt 0:01:34]} ({Predecessor:} 11. cxd5 cxd5 12. e4 Re8 13. Re1 Bg6 14. Nh4 Nc5 15. Nxg6 hxg6 16. exd5 Nxd5 {0-1 (70) Golod,V (2561)-Sasikiran,K (2703) New Delhi 2012}) 11... Bg6 {[%emt 0:00:55]} 12. Nh4 {[%emt 0:00:06]} Qe7 {[%emt 0:06:06]} 13. Nxg6 {[%emt 0:01:36]} fxg6 {[%emt 0:05:31]} 14. cxd5 {[%emt 0:02:24]} cxd5 {[%emt 0:00:27]} 15. Bf3 {[%emt 0:00:58]} g5 {[%emt 0:07:46]} 16. Rc1 {[%emt 0:05:38]} Kh8 {[%emt 0:03:52]} 17. Bg2 {[%emt 0:07:42]} Rad8 {[%emt 0:06:20]} 18. Qe2 {[%emt 0:07:14]} e4 {[%emt 0:02:21]} 19. dxe4 {[%emt 0:02:00]} dxe4 {[%emt 0:00:38]} 20. Bd4 {[%emt 0:07:31]} Bb8 {[%emt 0:04:09]} 21. Rfd1 {[%emt 0:03:52]} b6 {[%emt 0:10:11]} 22. Qb5 {[%emt 0:04:40]} h6 {[%emt 0:05:30]} 23. Qf5 {[%emt 0:05:48]} Rde8 {[%emt 0:03:03]} 24. Rc4 {[%emt 0:06:28]} Ne5 {[%emt 0:10:40]} 25. Bxe5 {[%emt 0:01:10]} Qxe5 {[%emt 0:00:15]} 26. Qxe5 {[%emt 0:00:27]} Rxe5 {[%emt 0:00:22]} 27. Bxe4 {[%emt 0:02:37]} Rd8 {[%emt 0:00:48]} 28. Bf3 {[%emt 0:00:34]} Ree8 {[%emt 0:01:21]} 29. Nb1 {[%emt 0:04:07]} Rxd1+ {[%emt 0:00:35]} 30. Bxd1 {[%emt 0:00:13]} Bd6 {[%emt 0:00:33]} 31. Bc2 {[%emt 0:01:21]} Kg8 {[%emt 0:00:24]} 32. Nd2 {[%emt 0:01:10]} Kf8 {[%emt 0:00:17]} 33. Nf3 {[%emt 0:00:19]} Nd7 {[%emt 0:00:47]} 34. Nd4 {[%emt 0:03:53]} Ne5 {[%emt 0:01:41]} 35. Rc3 {[%emt 0:01:34]} Bc5 {[%emt 0:00:30]} 36. Kg2 {[%emt 0:03:16]} Kf7 {[%emt 0:03:18]} 37. Be4 {[%emt 0:01:41]} Rd8 {[%emt 0:01:05]} 38. Nc2 {[%emt 0:01:41]} a5 {[%emt 0:01:22]} 39. a3 {[%emt 0:00:32]} Rd2 {[%emt 0:01:09]} 40. Kf1 {[%emt 0:01:15]} Rd1+ {[%emt 0:01:48]} 41. Ke2 {[%emt 0:00:08]} Rb1 {[%emt 0:00:48]} 42. f4 {[%emt 0:01:20]} gxf4 {[%emt 0:00:46]} 43. exf4 {[%emt 0:00:20]} Nd7 {[%emt 0:00:44]} 44. Kd3 {[%emt 0:01:27]} Rf1 {[%emt 0:02:40]} 45. Bc6 {[%emt 0:02:31]} Ke7 {[%emt 0:01:08]} (45... Nf6 $14) 46. Bxd7 {[%emt 0:01:25]} (46. Ne3 $16 Bxe3 47. Kxe3) 46... Kxd7 {[%emt 0:00:23]} 47. Ke4 {[%emt 0:00:24]} Bd6 {[%emt 0:01:13]} 48. f5 {[%emt 0:00:22]} (48. Rf3 $1 $14 Rc1 49. Kd3) 48... Rf2 {[%emt 0:01:28]} (48... h5 $5) 49. a4 {[%emt 0:02:06]} Re2+ {[%emt 0:01:08]} ({Better is} 49... h5 $1 $14) 50. Kd3 {[%emt 0:01:03]} Rg2 {[%emt 0:00:15]} 51. Ke4 {[%emt 0:02:13]} Re2+ {[%emt 0:02:54]} 52. Ne3 {[%emt 0:00:35]} Bc5 {[%emt 0:00:51]} 53. Kf3 {[%emt 0:00:20]} Rh2 {[%emt 0:00:19]} 54. Kg3 {[%emt 0:01:23]} Bd6+ {[%emt 0:00:21]} 55. Kh4 {[%emt 0:00:39]} Be7+ {[%emt 0:00:45]} 56. Kg3 {[%emt 0:03:12]} Bd6+ {[%emt 0:00:08]} 57. Kf3 {[%emt 0:00:09]} Rxh3+ {[%emt 0:00:13]} 58. Ke4 {[%emt 0:00:21]} Bc5 {[%emt 0:02:05]} 59. Rd3+ {[%emt 0:00:39]} Kc6 {[%emt 0:00:32]} 60. Nc4 {[%emt 0:00:55]} Rxd3 {[%emt 0:01:02]} 61. Ne5+ {[%emt 0:00:09]} Kd6 {[%emt 0:00:19]} 62. Nxd3 $11 {[%emt 0:00:06]} Bg1 {[%emt 0:00:48]} 63. Nf4 {[%emt 0:00:37]} Ke7 {[%emt 0:00:50]} 64. Nd5+ {[%emt 0:00:27]} Kd6 {[%emt 0:00:20]} 65. Nf4 {[%emt 0:00:20]} Ke7 {[%emt 0:00:04]} 66. Nh5 {[%emt 0:00:22]} Kf7 {[%emt 0:00:05]} 67. Nf4 {[%emt 0:03:21]} 1/2-1/2